| Tag |
First Indicator |
Second Indicator |
Subfields |
| LEADER |
00000cam a2200000 a 4500 |
| 001 |
in00000097509 |
| 005 |
20150924085156.0 |
| 008 |
780616s1973 caua b 00010 eng d |
| 010 |
|
|
|a 73080728
|
| 020 |
|
|
|a 0882472364
|
| 035 |
|
|
|a (OCoLC)03979569
|
| 035 |
|
|
|9 AAK9130AM
|
| 040 |
|
|
|a IQU
|c IQU
|d OCL
|d TXA
|d UtOrBLW
|
| 049 |
|
|
|a TXAM
|c [1655933]
|
| 090 |
|
|
|a MT10 B892
|b M4
|
| 100 |
1 |
|
|a Burnett, Millie.
|
| 245 |
1 |
0 |
|a Melody, movement and language :
|b a teachers guide of music in game form for the pre-school and primary grades, based on the Orff-Schulwerk approach to music /
|c [by Millie Burnett] ; illustrated by Terry Burnett.
|
| 264 |
|
1 |
|a San Francisco, Calif. :
|b R and E Research Association,
|c 1973.
|
| 300 |
|
|
|a 88 pages :
|b illustrations ;
|c 28 cm.
|
| 336 |
|
|
|a text
|b txt
|2 rdacontent
|
| 337 |
|
|
|a unmediated
|b n
|2 rdamedia
|
| 338 |
|
|
|a volume
|b nc
|2 rdacarrier
|
| 504 |
|
|
|a Bibliography: pages 86-88.
|
| 650 |
|
0 |
|a Music
|v Handbooks, manuals, etc.
|
| 650 |
|
0 |
|a Games with music.
|
| 650 |
|
0 |
|a School music
|x Instruction and study.
|
| 999 |
|
|
|a MARS
|
| 999 |
f |
f |
|s aad2239f-8f5d-3a65-a22e-4cdfda29592a
|i 79a9eb89-4d3d-3470-aa94-97be1508ab72
|t 0
|
| 952 |
f |
f |
|p normal
|a Texas A&M University
|b College Station
|c Sterling C. Evans Library
|d Evans: Library Stacks
|t 0
|e MT10 B892 M4
|h Library of Congress classification
|i unmediated -- volume
|m A14806040241
|
| 998 |
f |
f |
|a MT10 B892 M4
|t 0
|l Evans: Library Stacks
|